00095 2200061 4500990001100000990001100011990001100022 a015552 a015550 a015551